| 000 | 00704nam a2200241Ia 4500 | ||
|---|---|---|---|
| 001 | 9209 | ||
| 003 | GE_BSU | ||
| 008 | 181216s||||||||xx |||||||||||||| ||und|| | ||
| 040 | _cGE_BSU | ||
| 080 | _a821.353.1-4 | ||
| 100 | _aლორთქიფანიძე,კონსტანტინე | ||
| 245 | _aახალი გლეხები | ||
| 245 | _bნარკვევები | ||
| 250 | _aმე-2გამოც. | ||
| 260 | _aტფილისი. | ||
| 260 | _bსახელგამი | ||
| 260 | _c1931 | ||
| 300 | _a82გვ;17სმ | ||
| 541 | _h3ლ. | ||
| 653 | _aახალი გლეხები | ||
| 653 | _aნარკვევები | ||
| 942 | _cBK | ||
| 999 |
_c42512 _d42512 |
||